Incidencia zhubných nádorov v Slovenskej republike 2003
| Other Authors: | |
|---|---|
| Format: | Software eBook |
| Language: | Slovak English |
| PhysicalDescription: | 1 elektronický optický disk (CD-ROM) 12 cm Dostupné aj v tlačenej forme |
| Published: |
Bratislava
NCZI
2007
|
| ISBN: | 9788089292035 (elektronická kniha) |
| Edition: | 2. vyd. |
| Series: | Edícia analytických publikácií
|
| Subjects: |
MARC
| LEADER | 00000nam a2200000 a 4500 | ||
|---|---|---|---|
| 001 | vtls009280948 | ||
| 003 | SK-MaSNL | ||
| 005 | 20260425225709.0 | ||
| 007 | co bg anuua | ||
| 008 | 080401s2007 xo fss 000 0 slo | ||
| 015 | |a SNBS2008/02-00861 | ||
| 020 | |a 9788089292035 (elektronická kniha) | ||
| 040 | |a SNK |b slo |c SNK |e AACR2 | ||
| 041 | 0 | |a slo |a eng | |
| 043 | |a e-xo--- | ||
| 044 | |a xo |c SK | ||
| 072 | 7 | |a 616 |x Patológia. Klinická medicína |2 konspekt | |
| 080 | |a (437.6) |2 2001 | ||
| 080 | |a (083.41) |2 2001 | ||
| 080 | |a (0.034.44) |2 2001 | ||
| 080 | |a 616-006 |2 2001 | ||
| 245 | 0 | 0 | |a Incidencia zhubných nádorov v Slovenskej republike 2003 |h elektronický zdroj |c zostavovateľ: Martina Ondrušová |
| 246 | 1 | 1 | |a Cancer incidence in the Slovak Republic 2003 |
| 250 | |a 2. vyd. | ||
| 260 | |a Bratislava |b NCZI |c 2007 | ||
| 300 | |a 1 elektronický optický disk (CD-ROM) |c 12 cm | ||
| 490 | 1 | |a Edícia analytických publikácií | |
| 500 | |a Názov z titulnej obrazovky | ||
| 516 | |a Textový dokument, 1 súbor vo formáte pdf | ||
| 530 | |a Dostupné aj v tlačenej forme | ||
| 538 | |a Technické požiadavky: Adobe Reader 6.0 | ||
| 546 | |a Súbež. text angl. | ||
| 650 | 0 | 7 | |a malígne nádory |2 SNKPH |9 70958 |
| 650 | 0 | 7 | |a rakovina |2 SNKPH |9 108124 |
| 651 | 7 | |a Slovensko |2 SNKPH |9 14231 | |
| 655 | 7 | |a elektronické zdroje |2 SNKPH |9 90954 | |
| 655 | 7 | |a CD-ROM |2 SNKPH |9 70236 | |
| 655 | 7 | |a štatistiky |2 SNKPH |9 70182 | |
| 700 | 1 | |a Ondrušová, Martina |4 com |9 266407 | |
| 776 | 1 | |t Incidencia zhubných nádorov v Slovenskej republike 2003 |w vtls009280955 | |
| 810 | 2 | |a Národné centrum zdravotníckych informácií |t Edícia analytických publikácií |9 405071 | |
| 919 | |a 978-80-89292-03-5 | ||
| 958 | |a MI | ||
| 999 | |c 656239 |d 658169 | ||
| 952 | |a SNK |b SNK |y PREZ |7 0 |p 17A0583917 |o snkSCDM 1857 |i snk2008/7216 |8 0 |0 0 |1 0 |4 0 |d 2008-04-01 |l 0 |r 2026-02-23 18:37:11 |w 2026-02-23 | ||


